| 000 | 00570nam a2200205Ia 4500 | ||
|---|---|---|---|
| 005 | 20250508165541.0 | ||
| 008 | 008 250505s9999 xx 000 0 hin d | ||
| 020 | _a978-93-263-5010-5 | ||
| 037 | _aTextual | ||
| 040 |
_aFEDL _beng _cFEDL |
||
| 041 |
_ahin _2eng |
||
| 084 |
_a891.43, RUS _qFEDL |
||
| 100 |
_aRustagi Manju _9781147 |
||
| 245 | 0 | _aAnamika ka kavya: Aadhunik stree- vimarsh | |
| 260 |
_aNew Delhi, India _bVani Prakashan _c2015 |
||
| 300 | _a218p. | ||
| 365 |
_aINR _b495 |
||
| 942 |
_cTEXL _h891.43, RUS |
||
| 999 |
_c1395810 _d1395810 |
||